Information preservation in library management (Record no. 4669)

MARC details
000 -LEADER
fixed length control field 00568cam a2200205ua 4500
001 - CONTROL NUMBER
control field 5494
005 - DATE AND TIME OF LATEST TRANSACTION
control field 20260515113909.0
008 - FIXED-LENGTH DATA ELEMENTS--GENERAL INFORMATION
fixed length control field 130731n ii |||gr||||Z||||||eng
020 ## - INTERNATIONAL STANDARD BOOK NUMBER
International Standard Book Number 978-81-7835-204-6
040 ## - CATALOGING SOURCE
Transcribing agency MAIN
082 ## - DEWEY DECIMAL CLASSIFICATION NUMBER
Classification number 025.04
245 12 - TITLE STATEMENT
Title Information preservation in library management
Statement of responsibility, etc. ed. by Ramesh Chandra
260 ## - PUBLICATION, DISTRIBUTION, ETC.
Place of publication, distribution, etc. Delhi:
Name of publisher, distributor, etc. Kalpaz publications,
Date of publication, distribution, etc. 2013.
300 ## - PHYSICAL DESCRIPTION
Extent viii, 264p.
653 ## - INDEX TERM--UNCONTROLLED
Uncontrolled term Library science
653 ## - INDEX TERM--UNCONTROLLED
Uncontrolled term Information storage
700 ## - ADDED ENTRY--PERSONAL NAME
Personal name Chandra, Ramesh,
Relator term Editor.,
700 ## - ADDED ENTRY--PERSONAL NAME
Personal name Shrivastava, A.P.,
Relator term Editor.
942 ## - ADDED ENTRY ELEMENTS (KOHA)
Koha item type Books
Holdings
Withdrawn status Lost status Damaged status Not for loan Home library Current library Shelving location Date acquired Total checkouts Full call number Barcode Date last seen Copy number Price effective from Koha item type
        Naharkatiya College Library Naharkatiya College Library General stacks 09/19/2020   025.04 | INF 21794 09/19/2020 1 09/19/2020 Books